000 00818nmc a2200313 a 4500
003 AR-BaBNM
005 20251128202909.0
008 246019s1978 ||||||||||||||000 | spa||
040 _cAR-BaBNM
100 1 _aAfnan, Soheil F.
245 1 0 _aEl pensamiento de Avicena
250 _a1ª ed.
260 _aMéxico, D.F.
_bFondo de Cultura Económica
_c1978
300 0 _a386 p.
490 0 _aBreviarios
_vv. 184
504 _aBibliografía escogida: p. 380-385
650 4 _aBIOGRAFIAS
650 4 _aHISTORIA DE LA FILOSOFIA
650 4 _aHISTORIA DE LAS IDEAS
650 4 _aISLAM
650 4 _aEDAD MEDIA
650 4 _aHISTORIA DE LAS CIENCIAS
651 4 _aPersia
653 0 _aFILOSOFIA ORIENTAL
655 _aBIOGRAFIAS
700 1 _aYamuni, Vera
_etraductor
942 _cBK
998 _cEnrique
999 _c1099
_d1099